000 00772cam a2200205 a 4500
040 _cDLC
082 0 0 _a338 FOO 1983 C160 Or.
245 1 0 _aLand tenure and the small farmer in Asia /
260 _aTaiwan, Republic of China :
_bFood and Fertilizer Technology Center for the Asian and Pacific Region,
_c1983.
300 _a158 p. :
_bill. ;
_c26 cm.
500 _aPapers of the Seminar on Adjustment of Small Farm Development and Land Tenure held Nov. 3-5, 1982, Taipei, Taiwan.
650 0 _aFarms, Small
650 0 _aPeasants
650 0 _aFarm tenancy
700 2 _aBay-Petersen, Jan.
710 2 _aAsian and Pacific Council.
710 2 _aXing zheng yuan nong ye fa zhan wei yuan hui (China)
710 2 _aTu di gai ge xun lian suo (Taiwan)
942 _cAEDBB
999 _c19064
_d19064